Les urédinées (Record no. 78445)

MARC details
000 -LEADER
campo de control de longitud fija 00501nam a2200157 i 4500
001 - NÚMERO DE CONTROL
campo de control 78445
003 - IDENTIFICADOR DE NÚMERO DE CONTROL
campo de control ES-MaACL
005 - FECHA Y HORA DE LA ÚLTIMA TRANSACCIÓN
campo de control 20230906173713.0
007 - CAMPO FIJO DE DESCRIPCIÓN FÍSICA--INFORMACIÓN GENERAL
campo de control de longitud fija t|
008 - DATOS DE LONGITUD FIJA--INFORMACIÓN GENERAL
campo de control de longitud fija 041014s1908 fr ||||1| fre d
100 1# - ENTRADA PRINCIPAL--NOMBRE DE PERSONA
Nombre de persona Hariot, Paul.
9 (RLIN) 61850
245 14 - MENCIÓN DEL TÍTULO
Título Les urédinées
Resto del título : (rouilles des plantes) /
Mención de responsabilidad, etc. par Paul Hariot.
260 ## - PUBLICACIÓN, DISTRIBUCIÓN, ETC.
Lugar de publicación, distribución, etc. Paris :
Nombre del editor, distribuidor, etc. Octave Doin,
Fecha de publicación, distribución, etc. 1908 (
Lugar de fabricación/manufactura Poitiers :
Fabricante Société Française d'Imprimerie et de Librairie)
300 ## - DESCRIPCIÓN FÍSICA
Extensión XVI, 392 p. :
Otras características físicas il. ;
Dimensiones 19 cm.
852 ## - LOCALIZACIÓN
Ubicación ES-MaACL
Número de control de estantería D-4430
Holdings
Estatus retirado Estado de pérdida Estado de daño No para préstamo Biblioteca de origen Biblioteca actual Ubicación en estantería Fecha de adquisición Fuente de adquisición Total de préstamos Signatura topográfica completa Código de barras Visto por última vez Precio de reemplazo Tipo de ítem Koha
        Biblioteca del Ateneo de Madrid Biblioteca del Ateneo de Madrid Sala Valle Inclán 17/01/2008     D-4430 901082053 23/02/2023 23/02/2023 Libro impreso